[Event "DEM U10/U10w 2015"]
[Site "Willingen GER"]
[Date "2015.05.26"]
[Round "5"]
[White "Stahnecker, Hagen"]
[Black "Handschuh, Felix"]
[Result "1-0"]
[Termination "normal"]
[Board "22"]
[WhiteElo "1257"]
[BlackElo "1114"]
[PlyCount "59"]
[WhiteFideId "16225422"]
[BlackFideId "12997447"]
[EventCountry "GER"]
[EventRounds "11"]
[EventType "swiss"]
[EventDate "2015.05.23"]

1. e4 e6 2. d4 d5 3. e5 b6 4. Nf3 Ne7 5. Bg5 h6 6. Bh4 Ba6 7. Bxa6 Nxa6 8. O-O
Qd7 9. c3 Ng6 10. Bg3 Be7 11. Qd3 Nb8 12. b4 c5 13. bxc5 bxc5 14. Nbd2 c4 15.
Qe3 O-O 16. h4 Qd8 17. h5 Nh4 18. Kh2 Nf5 19. Qe2 Re8 20. Bf4 Nc6 21. g4 Nh4
22. Qe3 Nxf3+ 23. Nxf3 Qc7 24. Rg1 Qd8 25. Bxh6 gxh6 26. Qxh6 Bf8 27. Qf4 Kh7
28. Ng5+ Kg7 29. Qxf7+ Kh6 30. Qg6# 1-0

[Event "DEM U10/U10w 2015"]
[Site "Willingen GER"]
[Date "2015.05.26"]
[Round "5"]
[White "Butenandt, Svenja"]
[Black "Dietz, Kristin"]
[Result "1-0"]
[Termination "normal"]
[Board "23"]
[WhiteElo "1342"]
[BlackElo "1249"]
[PlyCount "131"]
[WhiteFideId "12993859"]
[BlackFideId "12993743"]
[EventCountry "GER"]
[EventRounds "11"]
[EventType "swiss"]
[EventDate "2015.05.23"]

1. e4 c5 2. Nf3 d6 3. d4 cxd4 4. Nxd4 Nf6 5. Nc3 g6 6. Be3 Bg7 7. f3 O-O 8. Qd2
Nc6 9. g4 Be6 10. Nxe6 fxe6 11. O-O-O Qd7 12. h4 h5 13. gxh5 Nxh5 14. Qg2 Kh7
15. Rg1 Qe8 16. Qg5 Ne5 17. Be2 Qf7 18. Rdf1 Qf6 19. Qg2 Qxh4 20. Bg5 Nf4 21.
Bxh4 Nxg2 22. Rxg2 Rf7 23. f4 Nd7 24. Bc4 Nc5 25. f5 gxf5 26. exf5 Rxf5 27.
Rxf5 exf5 28. Bxe7 Bxc3 29. bxc3 Ne4 30. Kb2 Re8 31. Bh4 Rf8 32. Bd5 b6 33.
Bxe4 fxe4 34. Be7 Re8 35. Bxd6 e3 36. Re2 Re4 37. c4 Kg6 38. c5 bxc5 39. Bxc5
Kf5 40. Rxe3 Rxe3 41. Bxe3 a6 42. Kb3 Ke5 43. Kb4 Ke4 44. Bh6 Kd4 45. Bd2 Kd5
46. Ka5 Kc6 47. Kxa6 Kc7 48. Kb5 Kb8 49. c4 Kb7 50. c5 Kb8 51. Kb6 Kc8 52. c6
Kb8 53. c7+ Kc8 54. a3 Kd7 55. Kb7 Kd6 56. c8=Q Ke5 57. Qd7 Ke4 58. Qd6 Kf3 59.
Qe5 Kg4 60. Qf6 Kg3 61. Qf5 Kg2 62. Qf4 Kg1 63. Qf3 Kh2 64. Qg4 Kh1 65. Qh3+
Kg1 66. Be3# 1-0

[Event "DEM U10/U10w 2015"]
[Site "Willingen GER"]
[Date "2015.05.26"]
[Round "5"]
[White "Gericke, Luis"]
[Black "Joppich, Til"]
[Result "1-0"]
[Termination "normal"]
[Board "24"]
[WhiteElo "1220"]
[BlackElo "1108"]
[PlyCount "119"]
[WhiteFideId "16212525"]
[BlackFideId "16232917"]
[EventCountry "GER"]
[EventRounds "11"]
[EventType "swiss"]
[EventDate "2015.05.23"]

1. e4 e5 2. Nf3 Nc6 3. Bb5 a6 4. Bxc6 dxc6 5. O-O Bg4 6. h3 h5 7. d3 Bxf3 8.
Qxf3 Qf6 9. Qg3 Be7 10. Be3 h4 11. Qg4 Nh6 12. Qe2 Qg6 13. Nd2 f5 14. Bxh6 Rxh6
15. exf5 Qxf5 16. Qf3 Qxf3 17. Nxf3 Bf6 18. Rfe1 O-O-O 19. Nxe5 Rf8 20. Re4 Rh5
21. Ng6 Rd8 22. Rb1 Kb8 23. Ne7 Re5 24. Rxe5 Bxe5 25. Ng6 Bd4 26. Nxh4 Re8 27.
Kf1 Re5 28. Nf3 Rd5 29. Nxd4 Rxd4 30. Re1 b5 31. Re7 c5 32. Rxg7 c4 33. Rg3 Kb7
34. Rg4 c5 35. Rxd4 cxd4 36. h4 c3 37. bxc3 dxc3 38. h5 a5 39. h6 a4 40. a3 b4
41. h7 b3 42. h8=Q b2 43. Qg7+ Kb8 44. Qf8+ Kc7 45. Qb4 Kd7 46. Ke2 Kc7 47. Ke3
Kd7 48. Kd4 Ke6 49. Kxc3 Ke5 50. Kxb2 Kd5 51. f4 Ke6 52. Qc5 Kf6 53. Qe5+ Kg6
54. Qg5+ Kf7 55. f5 Ke8 56. Qg7 Kd8 57. Qb7 Ke8 58. Qc7 Kf8 59. f6 Ke8 60. Qe7#
1-0

[Event "DEM U10/U10w 2015"]
[Site "Willingen GER"]
[Date "2015.05.26"]
[Round "5"]
[White "Schneider, Anna"]
[Black "Schubert, Nikita"]
[Result "0-1"]
[Termination "normal"]
[Board "25"]
[WhiteElo "1060"]
[BlackElo "1216"]
[PlyCount "142"]
[WhiteFideId "16200527"]
[BlackFideId "16212339"]
[EventCountry "GER"]
[EventRounds "11"]
[EventType "swiss"]
[EventDate "2015.05.23"]

1. e4 e5 2. Nf3 Nc6 3. d4 exd4 4. Bc4 Nf6 5. O-O Nxe4 6. Re1 d5 7. Bd3 Be7 8.
Bxe4 dxe4 9. Rxe4 O-O 10. c3 dxc3 11. Qxd8 Rxd8 12. Nxc3 Bf5 13. Re1 Bb4 14.
Bf4 Ba5 15. Red1 Ne7 16. Nb5 c6 17. Nc7 Bxc7 18. Bxc7 Rdc8 19. Bd6 Nd5 20. b4
Rd8 21. Bc5 a6 22. a4 Bg4 23. Rd3 b5 24. Ne5 Bd7 25. Rdd1 Be8 26. axb5 axb5 27.
Rxa8 Rxa8 28. h3 f6 29. Nf3 Kf7 30. Rc1 Ra4 31. Re1 Bd7 32. Nd4 g6 33. g3 Ra8
34. h4 Re8 35. Rc1 f5 36. Bd6 Rc8 37. f3 Ne3 38. Re1 Re8 39. Kf2 Nc4 40. Rxe8
Kxe8 41. Bc5 Kf7 42. Kg2 Kf6 43. Kh3 Ke5 44. g4 fxg4+ 45. fxg4 h5 46. Nf3+ Kf4
47. Nd4 hxg4+ 48. Kg2 Ke4 49. Kg3 Nb2 50. Ne2 Nd3 51. Nc3+ Ke5 52. Bf8 Kd4 53.
Ne2+ Ke3 54. Nc3 Bf5 55. Bh6+ Kd4 56. Bg7+ Kc4 57. Na2 Nxb4 58. Nxb4 Kxb4 59.
Kf4 Ka3 60. Bf8+ Kb3 61. Kg3 b4 62. Kf2 Kc4 63. Ke2 b3 64. Kd2 b2 65. Ke3 b1=Q
66. Kf4 Qe4+ 67. Kg5 g3 68. h5 g2 69. hxg6 g1=Q+ 70. Kh5 Qgg4+ 71. Kh6 Qxg6#
0-1

[Event "DEM U10/U10w 2015"]
[Site "Willingen GER"]
[Date "2015.05.26"]
[Round "5"]
[White "Röste, Hugo"]
[Black "Kurzweil, Nalani"]
[Result "0-1"]
[Termination "normal"]
[Board "26"]
[WhiteElo "1053"]
[BlackElo "1209"]
[PlyCount "102"]
[WhiteFideId "16247604"]
[BlackFideId "12985694"]
[EventCountry "GER"]
[EventRounds "11"]
[EventType "swiss"]
[EventDate "2015.05.23"]

1. d4 d5 2. c4 c6 3. Nc3 Nf6 4. Nf3 Bf5 5. cxd5 cxd5 6. Bf4 a6 7. e3 h6 8. Bd3
Bxd3 9. Qxd3 e6 10. O-O Bd6 11. Bxd6 Qxd6 12. Ne5 Nbd7 13. Nf3 O-O 14. h3 Rfe8
15. Rfe1 Rac8 16. Rac1 Rc6 17. Re2 b5 18. Rec2 Rec8 19. Ne2 Ne4 20. Nc3 Qc7 21.
a3 Nxc3 22. bxc3 Qa5 23. c4 bxc4 24. Qc3 Qxc3 25. Rxc3 Rb6 26. Nd2 f5 27. Rb1
Rxb1+ 28. Nxb1 Rb8 29. Nd2 Rb2 30. Nf3 Kf7 31. Kh2 Ke7 32. Kg3 Kf6 33. Ne1 Nb6
34. Kf3 Ra2 35. g3 Na4 36. Rc1 Rxa3 37. Ke2 Ra2+ 38. Kd1 Rxf2 39. Nc2 Nb2+ 40.
Ke1 Nd3+ 41. Kd1 Rf1+ 42. Kd2 Rxc1 43. Na3 Ra1 44. Nc2 Ra2 45. Kc3 a5 46. Kd2
Nb4 47. Kc1 Rxc2+ 48. Kb1 a4 49. Ka1 Rh2 50. Kb1 a3 51. Ka1 Rh1# 0-1

[Event "DEM U10/U10w 2015"]
[Site "Willingen GER"]
[Date "2015.05.26"]
[Round "5"]
[White "Schauties, Nico Antonio"]
[Black "Reuter, Elisa"]
[Result "1-0"]
[Termination "normal"]
[Board "27"]
[WhiteElo "1457"]
[BlackElo "1133"]
[PlyCount "135"]
[WhiteFideId "16206371"]
[BlackFideId "12995444"]
[EventCountry "GER"]
[EventRounds "11"]
[EventType "swiss"]
[EventDate "2015.05.23"]

1. d4 d5 2. c4 e6 3. Nc3 f5 4. Nf3 Nf6 5. Bg5 c6 6. c5 Nbd7 7. e3 h6 8. Bh4 Be7
9. Be2 O-O 10. O-O Ne4 11. Bxe7 Qxe7 12. Re1 a5 13. a3 Qd8 14. Qc2 b6 15. b4
bxc5 16. bxc5 Qc7 17. Rab1 Ba6 18. Bxa6 Rxa6 19. Rb2 Raa8 20. Reb1 Rfb8 21. Na4
Rxb2 22. Rxb2 Rb8 23. Qb1 Rxb2 24. Qxb2 Qb8 25. Qxb8+ Nxb8 26. Nb6 Kf7 27. Ne5+
Ke7 28. f3 Nf6 29. Kf2 g5 30. Nc8+ Kd8 31. Nd6 Ke7 32. Ng6+ Kd7 33. Nf7 Ng8 34.
f4 g4 35. h3 gxh3 36. gxh3 Ke8 37. Nge5 Ke7 38. Nd6 Nf6 39. Nb7 Ne4+ 40. Ke1 a4
41. Na5 Kd8 42. Naxc6+ Nxc6 43. Nxc6+ Kc7 44. Nb4 Nc3 45. Nc2 Ne4 46. Ke2 Nc3+
47. Kd3 Ne4 48. h4 Nf2+ 49. Kc3 Kc6 50. Kb4 Nd3+ 51. Kxa4 Nb2+ 52. Kb3 Nc4 53.
Kb4 h5 54. a4 Kb7 55. Kb5 Kc7 56. a5 Nxa5 57. Kxa5 Kc6 58. Nb4+ Kb7 59. c6+ Kc7
60. Ka6 Kd6 61. Kb7 Ke7 62. c7 Kd7 63. c8=Q+ Ke7 64. Nc6+ Kf7 65. Qd7+ Kf8 66.
Ne5 Kg8 67. Qf7+ Kh8 68. Ng6# 1-0

[Event "DEM U10/U10w 2015"]
[Site "Willingen GER"]
[Date "2015.05.26"]
[Round "5"]
[White "Orlova, Alicia"]
[Black "Mailitis, Ricardo"]
[Result "0-1"]
[Termination "normal"]
[Board "28"]
[WhiteElo "1110"]
[BlackElo "1370"]
[PlyCount "108"]
[WhiteFideId "34154563"]
[BlackFideId "12977535"]
[EventCountry "GER"]
[EventRounds "11"]
[EventType "swiss"]
[EventDate "2015.05.23"]

1. e4 e5 2. Nf3 Nc6 3. Bc4 Nf6 4. d3 Bc5 5. Bg5 h6 6. Bh4 d6 7. h3 Be6 8. Bb3
O-O 9. Nc3 Bb4 10. O-O Bxc3 11. bxc3 a5 12. a4 Nb8 13. Nh2 Nbd7 14. Kh1 Kh8 15.
f4 exf4 16. Bxf6 Qxf6 17. Qd2 Bxb3 18. cxb3 Nc5 19. Qc2 Ra6 20. d4 Ne6 21. d5
Nc5 22. g3 Qg6 23. Rae1 fxg3 24. Ng4 h5 25. Ne3 Qxe4+ 26. Qxe4 Nxe4 27. Nf5
Nxc3 28. Nxg3 Nxd5 29. Nxh5 g6 30. Ng3 Kg7 31. Rf3 Rc6 32. Ne4 f5 33. Ng5 Kh6
34. Ne4 Re8 35. Rd3 Nb4 36. Rd4 Nc2 37. Red1 Nxd4 38. Rxd4 fxe4 39. Rd1 Rc2 40.
Re1 e3 41. h4 Rd2 42. h5 gxh5 43. Kg1 Rg8+ 44. Kh1 e2 45. Kh2 Re8 46. Kg3 Rd1
47. Rxe2 Rxe2 48. Kf4 Rf1+ 49. Kg3 Ref2 50. Kh3 Rg1 51. b4 axb4 52. a5 c6 53.
a6 bxa6 54. Kh4 Rh2# 0-1

[Event "DEM U10/U10w 2015"]
[Site "Willingen GER"]
[Date "2015.05.26"]
[Round "5"]
[White "Kriuckova, Sonia"]
[Black "Schröder, Lennart"]
[Result "0-1"]
[Termination "normal"]
[Board "29"]
[WhiteElo "1297"]
[BlackElo "1339"]
[PlyCount "98"]
[WhiteFideId "16204310"]
[BlackFideId "16222490"]
[EventCountry "GER"]
[EventRounds "11"]
[EventType "swiss"]
[EventDate "2015.05.23"]

1. e4 e6 2. d4 d5 3. Nc3 Bb4 4. Bd3 c5 5. dxc5 d4 6. a3 Bxc3+ 7. bxc3 dxc3 8.
Nf3 Nc6 9. O-O Nge7 10. Be3 O-O 11. Rb1 e5 12. Qe2 Qc7 13. Rfd1 Bg4 14. h3 Bh5
15. Bb5 Rfd8 16. Bxc6 Nxc6 17. Qc4 Bxf3 18. gxf3 Nd4 19. Bxd4 exd4 20. Kh1 Qe5
21. Rxb7 Qf4 22. Qd3 Rac8 23. Rxa7 Rxc5 24. Rg1 Qb8 25. Ra6 Qc8 26. Rg2 Qxh3+
27. Rh2 Qc8 28. Rb6 f5 29. Rb1 fxe4 30. fxe4 Qe6 31. Ra1 Qc4 32. Qxc4+ Rxc4 33.
f3 d3 34. Rd1 Kf7 35. Rxh7 dxc2 36. Rxd8 c1=Q+ 37. Kh2 Qf4+ 38. Kh1 Qxf3+ 39.
Kh2 Qf4+ 40. Kh1 Qxe4+ 41. Kg1 Qxh7 42. Rd7+ Ke6 43. Ra7 Rg4+ 44. Kf2 Qh2+ 45.
Kf3 Qg2+ 46. Ke3 Re4+ 47. Kd3 Qe2+ 48. Kxc3 Rc4+ 49. Kb3 Qc2# 0-1

[Event "DEM U10/U10w 2015"]
[Site "Willingen GER"]
[Date "2015.05.26"]
[Round "5"]
[White "Sklarski, Lior"]
[Black "Pachmann, Johannes"]
[Result "0-1"]
[Termination "normal"]
[Board "30"]
[WhiteElo "1087"]
[BlackElo "1308"]
[PlyCount "104"]
[WhiteFideId "12987077"]
[BlackFideId "16250451"]
[EventCountry "GER"]
[EventRounds "11"]
[EventType "swiss"]
[EventDate "2015.05.23"]

1. d4 d5 2. e3 Bf5 3. Bd3 Bxd3 4. Qxd3 c6 5. f4 Nf6 6. Nd2 g6 7. Ngf3 Bg7 8.
O-O O-O 9. Ne5 Nbd7 10. b3 Ne8 11. Ba3 a5 12. Ndf3 Ndf6 13. Ng5 h6 14. Ngxf7
Rxf7 15. Nxf7 Kxf7 16. Rf3 Ne4 17. Raf1 N8f6 18. f5 g5 19. c4 Nh5 20. cxd5 cxd5
21. Rc1 Qd7 22. Bc5 Rc8 23. Rc2 Qc6 24. Rf1 b6 25. Rfc1 bxc5 26. dxc5 Rd8 27.
Qd1 Nhf6 28. Qe1 Ra8 29. a3 Ng4 30. h3 Ngf6 31. b4 a4 32. Qe2 Rb8 33. Kh2 Qb5
34. Qxb5 Rxb5 35. c6 Rb8 36. c7 Rc8 37. b5 Nd7 38. Rb2 Bxb2 39. Rc6 Bxa3 40. b6
Nxb6 41. Rxb6 Bd6+ 42. Kh1 Rxc7 43. Rb1 Rc2 44. Ra1 a3 45. Kg1 a2 46. Kf1 Rb2
47. Ke1 Rb1+ 48. Rxb1 axb1=Q+ 49. Ke2 Qc2+ 50. Kf3 Qf2+ 51. Kg4 Qg3+ 52. Kh5
Qh4# 0-1

[Event "DEM U10/U10w 2015"]
[Site "Willingen GER"]
[Date "2015.05.26"]
[Round "5"]
[White "Reichelt, Lena"]
[Black "Baltic, Sara"]
[Result "1-0"]
[Termination "normal"]
[Board "31"]
[WhiteElo "1285"]
[BlackElo "1129"]
[PlyCount "91"]
[WhiteFideId "12981184"]
[BlackFideId "16210409"]
[EventCountry "GER"]
[EventRounds "11"]
[EventType "swiss"]
[EventDate "2015.05.23"]

1. d4 d5 2. Nf3 e6 3. e3 c5 4. b3 Nf6 5. Bd3 Be7 6. O-O Nbd7 7. Bb2 b6 8. Nbd2
Bb7 9. Rc1 Qc7 10. Qe2 a6 11. c4 Bd6 12. cxd5 exd5 13. dxc5 bxc5 14. Rc2 O-O
15. Rfc1 Ne4 16. Ba3 Rfe8 17. h3 c4 18. Bxd6 Nxd6 19. bxc4 dxc4 20. Nxc4 Rab8
21. Qd1 Bd5 22. Bxh7+ Kxh7 23. Qxd5 Nf6 24. Qxd6 Qxd6 25. Nxd6 Re6 26. Ng5+ Kg6
27. Nxe6 fxe6 28. Rc6 a5 29. Nc4 Nd5 30. Rxe6+ Kf5 31. Re5+ Kf6 32. Rxd5 Ke6
33. Rxa5 Kf6 34. Na3 Kg6 35. Rb5 Rd8 36. Rc6+ Kh7 37. Rh5+ Kg8 38. Nc4 Rd1+ 39.
Kh2 Rd8 40. Ne5 Kf8 41. Rh8+ Ke7 42. Rxd8 g5 43. Rdd6 Ke8 44. Rc7 g4 45. Nxg4
Kf8 46. Rd8# 1-0

[Event "DEM U10/U10w 2015"]
[Site "Willingen GER"]
[Date "2015.05.26"]
[Round "5"]
[White "Volk, Oskar"]
[Black "Schupfer, Michael"]
[Result "1-0"]
[Termination "normal"]
[Board "32"]
[WhiteElo "1078"]
[BlackElo "1173"]
[PlyCount "87"]
[WhiteFideId "16242645"]
[EventCountry "GER"]
[EventRounds "11"]
[EventType "swiss"]
[EventDate "2015.05.23"]

1. e4 c5 2. Nf3 Nc6 3. d4 cxd4 4. Nxd4 Nxd4 5. Qxd4 d6 6. Bc4 e5 7. Qd5 Be6 8.
Bb5+ Bd7 9. Qxb7 Nf6 10. Bxd7+ Nxd7 11. Nc3 g6 12. Nd5 Bg7 13. Qxa8 O-O 14.
Qxd8 Rxd8 15. O-O Nc5 16. f3 f5 17. Be3 fxe4 18. Bxc5 dxc5 19. fxe4 Bh6 20.
Rad1 Kg7 21. c4 Bg5 22. a3 a5 23. b4 axb4 24. axb4 cxb4 25. Nxb4 Rc8 26. Rd7+
Kh6 27. Rff7 Be3+ 28. Kf1 Kg5 29. Rc7 Rb8 30. Nd5 Bd4 31. Rb7 Ra8 32. Rb1 Ra4
33. Rc1 Ra5 34. Rxh7 Ra2 35. Rf7 Kg4 36. c5 Bxc5 37. Rxc5 Ra1+ 38. Ke2 Ra2+ 39.
Kd3 Rxg2 40. Ne3+ Kg5 41. Nxg2 Kg4 42. Ne3+ Kg5 43. Rxe5+ Kh6 44. Ng4# 1-0

[Event "DEM U10/U10w 2015"]
[Site "Willingen GER"]
[Date "2015.05.26"]
[Round "5"]
[White "Liu, Sijia Anna"]
[Black "Bayer, Melissa"]
[Result "0-1"]
[Termination "normal"]
[Board "33"]
[WhiteElo "1147"]
[BlackElo "1104"]
[PlyCount "104"]
[WhiteFideId "12989746"]
[BlackFideId "16206916"]
[EventCountry "GER"]
[EventRounds "11"]
[EventType "swiss"]
[EventDate "2015.05.23"]

1. e4 e5 2. Nf3 Nc6 3. Bc4 Bc5 4. c3 Nf6 5. d4 exd4 6. cxd4 Bb4+ 7. Nc3 Nxe4 8.
O-O Bxc3 9. d5 Na5 10. bxc3 Nxc4 11. Qd4 Ncd6 12. Qxg7 Qf6 13. Qxf6 Nxf6 14.
Re1+ Kf8 15. Bh6+ Kg8 16. Re5 Nde4 17. Re1 d6 18. Re7 Bf5 19. Nd4 Bg6 20. f3
Nxd5 21. Rd7 Nef6 22. c4 Nxd7 23. cxd5 Nf6 24. h4 Re8 25. Rxe8+ Nxe8 26. g4 f6
27. Kf2 Kf7 28. f4 Be4 29. Nb5 Bxd5 30. Nxa7 Bxa2 31. f5 c5 32. Ke3 Nc7 33. Bf4
Ke7 34. g5 Nd5+ 35. Ke4 Nxf4 36. Kxf4 fxg5+ 37. hxg5 c4 38. Nb5 Rc8 39. Nc3 Bb3
40. Kg4 b5 41. Kf3 b4 42. Ne2 Bd1 43. Ke3 Bxe2 44. Kxe2 c3 45. g6 hxg6 46. fxg6
Kf6 47. Kd1 b3 48. g7 c2+ 49. Kc1 b2+ 50. Kxb2 c1=Q+ 51. Kb3 Rb8+ 52. Ka4 Qa1#
0-1

[Event "DEM U10/U10w 2015"]
[Site "Willingen GER"]
[Date "2015.05.26"]
[Round "5"]
[White "Reuter, Max"]
[Black "Zwecker, Hagen"]
[Result "1-0"]
[Termination "normal"]
[Board "34"]
[WhiteElo "1036"]
[BlackElo "1145"]
[PlyCount "117"]
[WhiteFideId "16263715"]
[BlackFideId "12991007"]
[EventCountry "GER"]
[EventRounds "11"]
[EventType "swiss"]
[EventDate "2015.05.23"]

1. e4 e5 2. Nf3 Nc6 3. Bc4 Bc5 4. d3 Nf6 5. Bg5 d6 6. h3 Be6 7. Bb3 Qe7 8. Nc3
O-O-O 9. Nd5 Bxd5 10. Bxd5 h6 11. Bxc6 hxg5 12. Ba4 g4 13. Ng5 gxh3 14. Rxh3
Rxh3 15. Nxh3 Kb8 16. Qe2 Qe6 17. Ng5 Qe7 18. Bb3 Rf8 19. O-O-O d5 20. exd5
Nxd5 21. Nf3 Nf4 22. Qxe5 Qxe5 23. Nxe5 Nxg2 24. Rg1 Nf4 25. Rxg7 Bd4 26. Rxf7
Rxf7 27. Nxf7 Bxf2 28. Kd2 Bd4 29. c3 Bf2 30. Ne5 Kc8 31. Ng4 Bb6 32. d4 Kd7
33. Ne5+ Kd6 34. Nc4+ Kc6 35. Ba4+ Kd5 36. Nxb6+ axb6 37. Bd1 Ke4 38. Be2 c5
39. dxc5 bxc5 40. a3 b5 41. Bxb5 Nd5 42. Bc6 c4 43. a4 Ke5 44. Bxd5 Kxd5 45. a5
Kc5 46. Ke3 Kb5 47. Kd4 Kxa5 48. Kxc4 Kb6 49. b4 Kc6 50. b5+ Kb6 51. Kb4 Kc7
52. c4 Kb7 53. c5 Kc7 54. b6+ Kc6 55. Ka5 Kb7 56. Kb5 Kb8 57. c6 Kc8 58. Ka6
Kb8 59. c7+ 1-0

[Event "DEM U10/U10w 2015"]
[Site "Willingen GER"]
[Date "2015.05.26"]
[Round "5"]
[White "Gehle, Joshua"]
[Black "Bashylina, Luisa"]
[Result "1/2-1/2"]
[Termination "normal"]
[Board "35"]
[WhiteElo "948"]
[BlackElo "1223"]
[PlyCount "61"]
[WhiteFideId "16273753"]
[BlackFideId "12983292"]
[EventCountry "GER"]
[EventRounds "11"]
[EventType "swiss"]
[EventDate "2015.05.23"]

1. e4 e5 2. Nf3 d6 3. c3 Be7 4. d4 exd4 5. cxd4 Nf6 6. Bd3 O-O 7. O-O Nc6 8.
Re1 Bg4 9. h3 Bh5 10. Nbd2 Nd7 11. Nf1 Bxf3 12. Qxf3 Nxd4 13. Qg3 Nc5 14. Be3
Bf6 15. Bf4 Nxd3 16. Qxd3 Ne6 17. Bc1 Nc5 18. Qf3 Re8 19. Ng3 d5 20. Rb1 dxe4
21. Nxe4 Nxe4 22. Rxe4 Rxe4 23. Qxe4 Rb8 24. Bf4 Bg5 25. Bh2 b6 26. Re1 Rc8 27.
Bxc7 Qf8 28. Bg3 h6 29. f4 Bf6 30. b3 Bc3 31. Re2 1/2-1/2

[Event "DEM U10/U10w 2015"]
[Site "Willingen GER"]
[Date "2015.05.26"]
[Round "5"]
[White "Wallat, Alexandra"]
[Black "Ruppert, Jeremy"]
[Result "1-0"]
[Termination "normal"]
[Board "36"]
[WhiteElo "935"]
[BlackElo "1147"]
[PlyCount "71"]
[WhiteFideId "16211413"]
[EventCountry "GER"]
[EventRounds "11"]
[EventType "swiss"]
[EventDate "2015.05.23"]

1. e4 e5 2. Nf3 Nc6 3. Bc4 Nf6 4. Ng5 Bc5 5. Nxf7 Bxf2+ 6. Kf1 Qe7 7. Nxh8 Nxe4
8. d3 Qf6 9. Qf3 Bg3 10. Qxf6 gxf6 11. dxe4 Bh4 12. g3 Bg5 13. Bxg5 fxg5 14.
Nc3 Nd4 15. Kg2 Nxc2 16. Rac1 Ne3+ 17. Kh3 d5+ 18. g4 dxc4 19. Nd5 Nxg4 20.
Nxc7+ Kd8 21. Nxa8 h5 22. Kg2 h4 23. h3 Nf6 24. Rcd1+ Ke7 25. Ng6+ Ke8 26. Nc7+
Kf7 27. Nxe5+ Kg7 28. Ng4 Nxe4 29. Rde1 Bf5 30. Rhf1 Ng3 31. Re7+ Kg6 32. Rd1
Ne4 33. Rd8 a5 34. Rg8+ Kh5 35. Rh8+ Kg6 36. Rh6# 1-0

[Event "DEM U10/U10w 2015"]
[Site "Willingen GER"]
[Date "2015.05.26"]
[Round "5"]
[White "Heutling, Elina"]
[Black "Breß, Amy Charlize"]
[Result "0-1"]
[Termination "normal"]
[Board "37"]
[WhiteElo "1140"]
[BlackElo "941"]
[PlyCount "72"]
[WhiteFideId "16244729"]
[BlackFideId "16233786"]
[EventCountry "GER"]
[EventRounds "11"]
[EventType "swiss"]
[EventDate "2015.05.23"]

1. e4 c5 2. Nf3 d6 3. d4 cxd4 4. Nxd4 Nf6 5. Nc3 g6 6. Bc4 Bg7 7. Nf3 O-O 8.
Be3 Nc6 9. Qd2 Ng4 10. Bg5 Nce5 11. Bb3 Nxf3+ 12. gxf3 Ne5 13. Qe3 Qd7 14.
O-O-O Qh3 15. Bxe7 Re8 16. Bxd6 Nxf3 17. Qf4 Be6 18. Rd3 Bh6 19. Qxh6 Qxh6+ 20.
Kb1 Ne5 21. Bxe5 Bxb3 22. Bd4 Bc4 23. Rf3 Rad8 24. Bxa7 Rd2 25. Be3 Qh5 26. Rg3
Rd7 27. b3 Ba6 28. a4 Red8 29. Kb2 b5 30. Rg5 Qf3 31. Rhg1 b4 32. R1g3 bxc3+
33. Kxc3 Qf6+ 34. Kb4 Qd6+ 35. Kc3 Rc8+ 36. Kb2 Rdc7 0-1

[Event "DEM U10/U10w 2015"]
[Site "Willingen GER"]
[Date "2015.05.26"]
[Round "5"]
[White "Wehrle, Maximilian"]
[Black "Straub, Benno"]
[Result "1/2-1/2"]
[Termination "normal"]
[Board "38"]
[WhiteElo "1108"]
[BlackElo "1022"]
[PlyCount "50"]
[WhiteFideId "65600347"]
[BlackFideId "16255488"]
[EventCountry "GER"]
[EventRounds "11"]
[EventType "swiss"]
[EventDate "2015.05.23"]

1. e4 e5 2. Nf3 Nc6 3. Bc4 Bc5 4. d3 d6 5. Be3 Nf6 6. Bxc5 dxc5 7. O-O Bg4 8.
Nbd2 O-O 9. a3 Na5 10. Ba2 Nc6 11. h3 Bh5 12. Re1 Nd4 13. Rf1 Nxf3+ 14. Nxf3
Qd4 15. Nxd4 Bxd1 16. Rfxd1 cxd4 17. Kh2 Nh5 18. g4 Nf4 19. Kg3 g5 20. Bb3 Rad8
21. Rh1 Rd6 22. Rae1 Rh6 23. Rh2 Rh4 24. f3 h5 25. Bc4 Kg7 1/2-1/2

[Event "DEM U10/U10w 2015"]
[Site "Willingen GER"]
[Date "2015.05.26"]
[Round "5"]
[White "Wiemann, Vanessa"]
[Black "Youness, Sali"]
[Result "1-0"]
[Termination "normal"]
[Board "39"]
[WhiteElo "1229"]
[BlackElo "897"]
[PlyCount "75"]
[WhiteFideId "12942987"]
[EventCountry "GER"]
[EventRounds "11"]
[EventType "swiss"]
[EventDate "2015.05.23"]

1. e4 e5 2. Nf3 Nc6 3. Bc4 Nf6 4. Ng5 Bc5 5. Nxf7 Bxf2+ 6. Kf1 Qe7 7. Nxh8 Nxe4
8. Qf3 Bc5 9. Qxe4 Qf6+ 10. Qf3 Qe7 11. Qf7+ Qxf7+ 12. Nxf7 d6 13. Nc3 Bf5 14.
d3 Nd8 15. Nxd8 Rxd8 16. Bg5 Rd7 17. Ke1 h6 18. Bh4 g5 19. Bg3 Re7 20. Kd2 c6
21. Rae1 d5 22. Bb3 e4 23. dxe4 dxe4 24. Kc1 b5 25. Rhf1 Bg6 26. Rf6 Bh5 27.
Nxe4 Bb4 28. c3 Bc5 29. Nxc5 Be2 30. Ne6 Bg4 31. Ng7+ Kd7 32. Rxe7+ Kxe7 33.
Rxh6 c5 34. h3 Bd7 35. Bd6+ Kd8 36. Rh8+ Be8 37. Be6 g4 38. Rxe8# 1-0

[Event "DEM U10/U10w 2015"]
[Site "Willingen GER"]
[Date "2015.05.26"]
[Round "5"]
[White "Kieckbusch, Lotta"]
[Black "Peglau, Mirjam"]
[Result "0-1"]
[Termination "normal"]
[Board "40"]
[WhiteElo "749"]
[BlackElo "1055"]
[PlyCount "50"]
[WhiteFideId "16214390"]
[BlackFideId "16211138"]
[EventCountry "GER"]
[EventRounds "11"]
[EventType "swiss"]
[EventDate "2015.05.23"]

1. e4 e5 2. d4 exd4 3. Qxd4 Nc6 4. Qe3 Nf6 5. Nc3 Bb4 6. Bd2 d6 7. O-O-O Be6 8.
Kb1 O-O 9. Qg3 Nh5 10. Qf3 Nf6 11. h4 Bg4 12. Qe3 Bxd1 13. Nxd1 Bxd2 14. Qxd2
Nxe4 15. Qe2 Re8 16. Qf3 Nd2+ 17. Kc1 Nxf3 18. Nxf3 Ne5 19. Nd4 c5 20. Nf5 Qf6
21. Ng3 Ng4 22. f3 Ne3 23. Nxe3 Rxe3 24. Bc4 Qf4 25. b3 Qxg3 0-1

[Event "DEM U10/U10w 2015"]
[Site "Willingen GER"]
[Date "2015.05.26"]
[Round "5"]
[White "Kalina, Lena"]
[Black "Adelhardt, Lisa"]
[Result "1-0"]
[Termination "normal"]
[Board "41"]
[WhiteElo "993"]
[BlackElo "897"]
[PlyCount "43"]
[WhiteFideId "12988014"]
[BlackFideId "16235380"]
[EventCountry "GER"]
[EventRounds "11"]
[EventType "swiss"]
[EventDate "2015.05.23"]

1. e4 e5 2. Nf3 Nc6 3. Bb5 Bc5 4. Nc3 Nf6 5. O-O O-O 6. Bxc6 dxc6 7. Nxe5 Qd4
8. Nf3 Nxe4 9. Nxd4 Bxd4 10. Nxe4 Re8 11. Nc3 b6 12. d3 Ba6 13. Qg4 c5 14. Nd5
Rac8 15. Be3 Bxb2 16. Rab1 Be5 17. f4 c6 18. fxe5 cxd5 19. Bh6 g6 20. Qf4 Re7
21. Qf6 Rce8 22. Qg7# 1-0

[Event "DEM U10/U10w 2015"]
[Site "Willingen GER"]
[Date "2015.05.26"]
[Round "5"]
[White "Klühs, Isabel"]
[Black "Gossing, Marie-Sophie"]
[Result "1-0"]
[Termination "normal"]
[Board "43"]
[WhiteElo "901"]
[BlackElo "762"]
[PlyCount "53"]
[WhiteFideId "16228944"]
[BlackFideId "16217284"]
[EventCountry "GER"]
[EventRounds "11"]
[EventType "swiss"]
[EventDate "2015.05.23"]

1. e4 e5 2. Nf3 Nc6 3. Bc4 Bc5 4. c3 Nf6 5. d3 h6 6. b4 Bb6 7. O-O d6 8. a4 a5
9. b5 Ne7 10. Nbd2 Bg4 11. h3 Bh5 12. Bb3 O-O 13. Nc4 Ng6 14. Nxb6 cxb6 15. Be3
Qc8 16. d4 Qxc3 17. Rc1 Qb2 18. Re1 exd4 19. Bxd4 Qa3 20. Ra1 Qb4 21. Rc1 Nf4
22. Rc4 Qa3 23. Qc2 Rae8 24. Ra1 Qxa1+ 25. Bxa1 d5 26. exd5 Re2 27. Qf5 1-0